000 00281nam a2200109Ia 4500
008 220204s9999 xx 000 0 und d
082 _bSAT;1
100 _aSatheeskumar, K G
245 0 _aRubber: Karshakarkkoru kaippusthakam
260 _aKottayam
_bRubber Board
_c2008
942 _cBK
999 _c44400
_d44400